[Event "1SM"]
[Site "Sharjah Chess Club"]
[Date "2017.03.27"]
[Round "5.35"]
[White "Zude, Erik"]
[Black "Priyanka, Nutakki"]
[Result "1-0"]
[BlackElo "2084"]
[WhiteElo "2408"]
[LiveChessVersion "1.4.8"]

1. c4 {[%clk 1:40:54]} Nf6 {[%clk 1:40:40]} 2. Nc3 {[%clk 1:41:03]} c5
{[%clk 1:40:19]} 3. Nf3 {[%clk 1:40:53]} g6 {[%clk 1:40:08]} 4. g3
{[%clk 1:39:02]} Bg7 {[%clk 1:40:31]} 5. Bg2 {[%clk 1:39:19]} Nc6
{[%clk 1:40:45]} 6. d4 {[%clk 1:39:36]} cxd4 {[%clk 1:40:54]} 7. Nxd4
{[%clk 1:39:54]} O-O {[%clk 1:40:47]} 8. O-O {[%clk 1:40:09]} Qa5
{[%clk 1:39:23]} 9. Nb3 {[%clk 1:33:07]} Qh5 {[%clk 1:38:35]} 10. e4
{[%clk 1:33:14]} d6 {[%clk 1:38:22]} 11. Qxh5 {[%clk 1:27:31]} Nxh5
{[%clk 1:38:41]} 12. Nd5 {[%clk 1:27:08]} Rd8 {[%clk 1:36:38]} 13. Bg5
{[%clk 1:15:39]} Bxb2 {[%clk 1:29:16]} 14. Nxe7+ {[%clk 1:14:24]} Nxe7
{[%clk 1:29:31]} 15. Bxe7 {[%clk 1:14:45]} Rd7 {[%clk 1:28:58]} 16. Rab1
{[%clk 1:14:36]} Rxe7 {[%clk 1:26:54]} 17. Rxb2 {[%clk 1:14:15]} Rc7
{[%clk 1:14:41]} 18. Na5 {[%clk 1:00:42]} Rb8 {[%clk 0:51:11]} 19. Rd1
{[%clk 0:46:57]} Be6 {[%clk 0:48:32]} 20. Rxd6 {[%clk 0:32:57]} Bxc4
{[%clk 0:46:14]} 21. Rc6 {[%clk 0:26:29]} Rxc6 {[%clk 0:37:10]} 22. Nxc6
{[%clk 0:26:56]} Ra8 {[%clk 0:36:19]} 23. Rxb7 {[%clk 0:22:11]} Bxa2
{[%clk 0:36:40]} 24. Rxa7 {[%clk 0:22:06]} Rxa7 25. Nxa7 {[%clk 0:22:31]} f6
{[%clk 0:35:26]} 26. Bh3 {[%clk 0:22:43]} Kf7 {[%clk 0:35:34]} 27. Nc6
{[%clk 0:23:02]} Ng7 {[%clk 0:35:43]} 28. f3 {[%clk 0:22:19]} Ne8
{[%clk 0:25:30]} 29. Kf2 {[%clk 0:22:26]} Nd6 {[%clk 0:21:51]} 30. Ke3
{[%clk 0:22:00]} Nc4+ {[%clk 0:20:22]} 31. Kd4 {[%clk 0:22:05]} Nd2
{[%clk 0:15:12]} 32. Bg2 {[%clk 0:20:21]} Nb3+ {[%clk 0:15:20]} 33. Kc3
{[%clk 0:19:15]} Nc5 {[%clk 0:15:26]} 34. Bf1 {[%clk 0:18:54]} Nb7
{[%clk 0:08:37]} 35. Kd4 {[%clk 0:16:23]} Be6 {[%clk 0:07:46]} 36. Ba6
{[%clk 0:16:21]} Nd6 {[%clk 0:08:15]} 37. Kc5 {[%clk 0:16:33]} Ne8
{[%clk 0:08:24]} 38. f4 {[%clk 0:16:01]} Ng7 {[%clk 0:05:55]} 39. Nd4
{[%clk 0:15:03]} Ke7 {[%clk 0:05:45]} 40. Bb5 {[%clk 0:15:14]} Ba2
{[%clk 0:03:53]} 41. Bc4 {[%clk 0:14:51]} Bxc4 {[%clk 0:03:39]} 42. Kxc4
{[%clk 0:15:12]} Kd6 {[%clk 0:01:11]} 43. Kd3 {[%clk 0:14:16]} Kc5
{[%clk 0:01:10]} 44. Kc3 {[%clk 0:14:30]} Kd6 {[%clk 0:01:21]} 45. Kc4
{[%clk 0:14:43]} Nh5 {[%clk 0:01:03]} 46. Nb5+ {[%clk 0:13:34]} Ke6
{[%clk 0:01:11]} 47. Kc5 {[%clk 0:13:19]} Ng7 {[%clk 0:00:42]} 48. Kc6
{[%clk 0:12:44]} Ke7 {[%clk 0:00:36]} 49. Nc7 {[%clk 0:12:56]} Nh5
{[%clk 0:00:40]} 50. f5 {[%clk 0:09:51]} gxf5 {[%clk 0:00:42]} 51. exf5
{[%clk 0:10:14]} Kf7 {[%clk 0:00:42]} 52. Kd7 {[%clk 0:10:26]} Kg7
{[%clk 0:00:34]} 53. Ke7 {[%clk 0:09:59]} Kh6 {[%clk 0:00:40]} 54. Ne6
{[%clk 0:09:44]} 1-0

[Event "1SM"]
[Site "Sharjah Chess Club"]
[Date "2017.03.28"]
[Round "6.1"]
[White "Wang, Hao"]
[Black "Fressinet, Laurent"]
[Result "1/2-1/2"]
[BlackElo "2662"]
[WhiteElo "2683"]
[LiveChessVersion "1.4.8"]

1. d4 {[%clk 1:40:25]} d5 {[%clk 1:40:25]} 2. c4 {[%clk 1:40:51]} c6
{[%clk 1:40:52]} 3. Nf3 {[%clk 1:41:16]} Nf6 {[%clk 1:41:13]} 4. Nc3
{[%clk 1:38:21]} dxc4 {[%clk 1:41:16]} 5. a4 {[%clk 1:38:45]} e6 {[%clk 1:41:42]}
6. e4 {[%clk 1:33:12]} Bb4 {[%clk 1:41:48]} 7. e5 {[%clk 1:33:39]} Nd5
{[%clk 1:42:09]} 8. Bd2 {[%clk 1:34:06]} b5 {[%clk 1:42:11]} 9. axb5
{[%clk 1:34:32]} Bxc3 {[%clk 1:42:33]} 10. bxc3 {[%clk 1:34:59]} cxb5
{[%clk 1:42:57]} 11. Ng5 {[%clk 1:35:27]} Bb7 {[%clk 1:43:16]} 12. Qh5
{[%clk 1:25:57]} Qe7 {[%clk 1:42:34]} 13. Be2 {[%clk 1:26:22]} Nd7
{[%clk 1:41:48]} 14. O-O {[%clk 1:26:29]} a5 {[%clk 1:40:17]} 15. Rfb1
{[%clk 1:22:07]} Bc6 {[%clk 1:37:58]} 16. Bg4 {[%clk 1:14:12]} Nc7
{[%clk 1:21:38]} 17. Bd1 {[%clk 1:12:21]} g6 {[%clk 1:10:30]} 18. Qh3
{[%clk 0:53:00]} h6 {[%clk 1:06:04]} 19. Bc2 {[%clk 0:46:15]} Nb6
{[%clk 0:48:04]} 20. Ne4 {[%clk 0:33:24]} Bxe4 {[%clk 0:42:02]} 21. Bxe4
{[%clk 0:33:43]} Nbd5 {[%clk 0:42:29]} 22. Qf3 {[%clk 0:32:19]} Ra6
{[%clk 0:36:59]} 23. g3 {[%clk 0:25:42]} g5 {[%clk 0:32:06]} 24. Bc1
{[%clk 0:23:51]} 1/2-1/2

[Event "1SM"]
[Site "Sharjah Chess Club"]
[Date "2017.03.28"]
[Round "6.2"]
[White "Svane, Rasmus"]
[Black "Adhiban, B."]
[Result "0-1"]
[BlackElo "2682"]
[WhiteElo "2570"]
[LiveChessVersion "1.4.8"]

1. d4 {[%clk 1:40:22]} d6 {[%clk 1:40:24]} 2. Nf3 {[%clk 1:38:01]} Nf6
{[%clk 1:40:49]} 3. c4 {[%clk 1:37:28]} g6 {[%clk 1:41:15]} 4. Nc3
{[%clk 1:37:53]} Bf5 {[%clk 1:41:41]} 5. e3 {[%clk 1:29:47]} Bg7 {[%clk 1:42:01]}
6. Bd3 {[%clk 1:27:57]} Bxd3 {[%clk 1:42:02]} 7. Qxd3 {[%clk 1:28:23]} O-O
{[%clk 1:36:53]} 8. O-O {[%clk 1:28:41]} Nbd7 {[%clk 1:19:06]} 9. e4
{[%clk 1:27:16]} e5 {[%clk 1:19:35]} 10. Be3 {[%clk 1:13:36]} Ng4
{[%clk 0:52:49]} 11. Bg5 {[%clk 1:13:14]} f6 {[%clk 0:53:02]} 12. Bh4
{[%clk 1:11:10]} h5 {[%clk 0:48:48]} 13. dxe5 {[%clk 0:53:13]} Ngxe5
{[%clk 0:45:03]} 14. Nxe5 {[%clk 0:48:55]} Nxe5 {[%clk 0:45:27]} 15. Qd5+
{[%clk 0:34:40]} Rf7 {[%clk 0:32:10]} 16. f4 {[%clk 0:26:03]} c6 {[%clk 0:32:10]}
17. Qd4 {[%clk 0:21:46]} g5 {[%clk 0:30:21]} 18. fxe5 {[%clk 0:20:59]} fxe5
{[%clk 0:30:43]} 19. Qe3 {[%clk 0:17:22]} gxh4 {[%clk 0:27:41]} 20. Rxf7
{[%clk 0:17:29]} Kxf7 {[%clk 0:28:10]} 21. Rf1+ {[%clk 0:17:24]} Kg6
{[%clk 0:26:34]} 22. Kh1 {[%clk 0:09:05]} Qg5 {[%clk 0:20:56]} 23. Qd3
{[%clk 0:09:32]} Rf8 {[%clk 0:21:03]} 24. Qxd6+ {[%clk 0:08:33]} Rf6
{[%clk 0:21:29]} 25. Qd3 {[%clk 0:06:07]} Bf8 {[%clk 0:21:41]} 26. Rxf6+
{[%clk 0:06:10]} Qxf6 {[%clk 0:20:25]} 27. Qf3 {[%clk 0:04:03]} Qxf3
{[%clk 0:13:11]} 28. gxf3 {[%clk 0:04:32]} h3 {[%clk 0:13:29]} 29. Ne2
{[%clk 0:04:31]} Kg5 {[%clk 0:13:54]} 30. Kg1 {[%clk 0:04:15]} Bc5+
{[%clk 0:12:43]} 31. Kf1 {[%clk 0:04:41]} Be3 {[%clk 0:12:51]} 32. Ke1
{[%clk 0:03:41]} a5 {[%clk 0:12:47]} 33. a4 {[%clk 0:01:59]} h4 {[%clk 0:10:33]}
34. b3 {[%clk 0:01:35]} Kf6 {[%clk 0:09:38]} 35. Kd1 {[%clk 0:01:50]} Bf2
{[%clk 0:08:55]} 36. Kd2 {[%clk 0:01:50]} Ke7 {[%clk 0:02:39]} 37. Kd3
{[%clk 0:02:15]} Kd6 {[%clk 0:02:51]} 38. Kc3 {[%clk 0:01:58]} Kc5
{[%clk 0:03:03]} 39. Kd3 {[%clk 0:02:18]} Kb4 {[%clk 0:01:11]} 40. Kc2
{[%clk 0:02:44]} Bg3 {[%clk 0:01:01]} 41. Ng1 {[%clk 0:03:00]} Bxh2
{[%clk 0:01:28]} 42. Nxh3 {[%clk 0:03:25]} Bg3 {[%clk 0:01:50]} 43. Ng5
{[%clk 0:03:31]} Bf4 {[%clk 0:01:31]} 44. Nh3 {[%clk 0:03:28]} Be3
{[%clk 0:01:59]} 45. Kb2 {[%clk 0:03:14]} b5 {[%clk 0:01:01]} 46. cxb5
{[%clk 0:03:17]} cxb5 {[%clk 0:01:28]} 47. axb5 {[%clk 0:03:36]} Kxb5
{[%clk 0:01:56]} 48. Kc3 {[%clk 0:03:37]} Kc5 {[%clk 0:01:32]} 49. Kd3
{[%clk 0:03:44]} Bh6 {[%clk 0:01:23]} 50. Kc3 {[%clk 0:03:57]} Kb5
{[%clk 0:01:27]} 51. Nf2 {[%clk 0:03:51]} Bf4 {[%clk 0:01:37]} 52. Nh3
{[%clk 0:03:42]} Bg3 {[%clk 0:02:00]} 53. Ng5 {[%clk 0:02:19]} Be1+
{[%clk 0:02:26]} 54. Kc2 {[%clk 0:02:26]} Kb4 {[%clk 0:02:52]} 55. Nh3
{[%clk 0:02:14]} Bg3 {[%clk 0:03:14]} 56. Kb2 {[%clk 0:02:10]} Bf4
{[%clk 0:03:16]} 57. Nf2 {[%clk 0:02:27]} Be3 {[%clk 0:03:09]} 58. Nh3
{[%clk 0:02:32]} Bh6 {[%clk 0:01:15]} 59. Nf2 {[%clk 0:02:19]} Bf4
{[%clk 0:01:41]} 60. Nd3+ {[%clk 0:02:35]} Kb5 {[%clk 0:02:08]} 61. Nf2
{[%clk 0:02:55]} Be3 {[%clk 0:02:21]} 62. Nh3 {[%clk 0:03:19]} Kb4
{[%clk 0:02:48]} 63. Kc2 {[%clk 0:03:23]} Ka3 {[%clk 0:03:08]} 64. Kc3
{[%clk 0:03:09]} Ka2 {[%clk 0:03:24]} 65. Kc2 {[%clk 0:03:07]} Bh6
{[%clk 0:03:20]} 66. Nf2 {[%clk 0:02:20]} Bf4 {[%clk 0:03:38]} 67. Nh3
{[%clk 0:02:27]} Be3 {[%clk 0:04:05]} 68. Kc3 {[%clk 0:01:42]} Bc1
{[%clk 0:03:28]} 69. Kc2 {[%clk 0:01:25]} Be3 {[%clk 0:03:26]} 70. Kc3
{[%clk 0:01:51]} Kb1 {[%clk 0:03:44]} 71. Kd3 {[%clk 0:02:06]} Bh6
{[%clk 0:04:07]} 72. f4 {[%clk 0:00:54]} exf4 {[%clk 0:03:53]} 73. e5
{[%clk 0:01:07]} f3 {[%clk 0:02:46]} 74. e6 {[%clk 0:01:12]} Bf8 {[%clk 0:03:13]}
75. Ke3 {[%clk 0:00:55]} Kb2 {[%clk 0:03:39]} 76. Nf4 {[%clk 0:00:59]} Kxb3
{[%clk 0:03:35]} 77. Ng6 {[%clk 0:00:47]} Bc5+ {[%clk 0:03:27]} 78. Kxf3
{[%clk 0:01:12]} a4 {[%clk 0:03:53]} 79. Ne5 {[%clk 0:00:33]} a3 {[%clk 0:04:15]}
80. Nd3 {[%clk 0:00:55]} Be7 {[%clk 0:04:39]} 81. Ke2 {[%clk 0:00:59]} Kc2
{[%clk 0:03:40]} 82. Ne1+ {[%clk 0:01:23]} Kc3 {[%clk 0:03:24]} 0-1

[Event "1SM"]
[Site "Sharjah Chess Club"]
[Date "2017.03.28"]
[Round "6.3"]
[White "Kravtsiv, Martyn"]
[Black "Jones, Gawain C B"]
[Result "1-0"]
[BlackElo "2676"]
[WhiteElo "2641"]
[LiveChessVersion "1.4.8"]

1. e4 {[%clk 1:40:26]} e5 {[%clk 1:39:41]} 2. Nf3 {[%clk 1:40:39]} Nc6
{[%clk 1:39:57]} 3. Bb5 {[%clk 1:40:31]} a6 {[%clk 1:40:19]} 4. Ba4
{[%clk 1:40:57]} Nf6 {[%clk 1:40:44]} 5. O-O {[%clk 1:40:40]} Be7
{[%clk 1:41:05]} 6. Re1 {[%clk 1:40:00]} b5 {[%clk 1:41:28]} 7. Bb3
{[%clk 1:40:24]} d6 {[%clk 1:41:53]} 8. c3 {[%clk 1:40:10]} O-O {[%clk 1:42:14]}
9. h3 {[%clk 1:39:57]} Nb8 {[%clk 1:42:33]} 10. d4 {[%clk 1:39:24]} Nbd7
{[%clk 1:42:50]} 11. Nbd2 {[%clk 1:36:56]} Bb7 {[%clk 1:43:04]} 12. Bc2
{[%clk 1:37:20]} c5 {[%clk 1:43:28]} 13. d5 {[%clk 1:33:22]} c4 {[%clk 1:43:46]}
14. Nf1 {[%clk 1:29:16]} Qc7 {[%clk 1:43:19]} 15. Ng3 {[%clk 1:27:53]} Rfb8
{[%clk 1:42:40]} 16. Nf5 {[%clk 1:25:35]} Bf8 {[%clk 1:43:02]} 17. Nh2
{[%clk 1:25:36]} Bc8 {[%clk 1:39:52]} 18. Qf3 {[%clk 1:22:16]} b4
{[%clk 1:30:42]} 19. Bg5 {[%clk 1:13:32]} b3 {[%clk 1:16:06]} 20. Bd1
{[%clk 1:04:44]} Ne8 {[%clk 1:10:15]} 21. a3 {[%clk 0:50:21]} Nc5
{[%clk 1:05:59]} 22. Be2 {[%clk 0:49:55]} h6 {[%clk 0:42:35]} 23. Bc1
{[%clk 0:47:30]} Bxf5 {[%clk 0:36:44]} 24. Qxf5 {[%clk 0:46:18]} Na4
{[%clk 0:33:01]} 25. Rb1 {[%clk 0:45:53]} Rc8 {[%clk 0:30:34]} 26. Ng4
{[%clk 0:40:01]} Qe7 {[%clk 0:30:11]} 27. Qf3 {[%clk 0:39:58]} Rc7
{[%clk 0:29:17]} 28. Bf1 {[%clk 0:38:41]} Rac8 {[%clk 0:28:26]} 29. Qg3
{[%clk 0:30:59]} Kh7 {[%clk 0:26:21]} 30. f4 {[%clk 0:31:24]} exf4
{[%clk 0:22:19]} 31. Bxf4 {[%clk 0:30:18]} f6 {[%clk 0:21:54]} 32. Nh2
{[%clk 0:24:00]} g6 {[%clk 0:22:14]} 33. Nf3 {[%clk 0:23:59]} Nc5
{[%clk 0:19:45]} 34. Nd2 {[%clk 0:19:04]} Nd7 {[%clk 0:19:12]} 35. Rbd1
{[%clk 0:18:05]} Ne5 {[%clk 0:17:56]} 36. Nf3 {[%clk 0:18:28]} Nxf3+
{[%clk 0:17:14]} 37. Qxf3 {[%clk 0:18:52]} h5 {[%clk 0:17:00]} 38. g4
{[%clk 0:16:15]} Bh6 {[%clk 0:15:49]} 39. gxh5 {[%clk 0:16:09]} Bxf4
{[%clk 0:15:52]} 40. hxg6+ {[%clk 0:15:35]} Kxg6 {[%clk 0:16:15]} 41. Qxf4
{[%clk 0:16:02]} Qe5 {[%clk 0:16:35]} 42. Qg4+ {[%clk 0:14:21]} Kh7
{[%clk 0:15:11]} 43. Qh4+ {[%clk 0:12:54]} Kg8 {[%clk 0:15:17]} 44. Rd2
{[%clk 0:13:13]} Rh7 {[%clk 0:12:19]} 45. Rg2+ {[%clk 0:13:07]} Ng7
{[%clk 0:12:42]} 46. Qg4 {[%clk 0:13:00]} Re8 {[%clk 0:11:48]} 47. Bxc4
{[%clk 0:11:59]} f5 {[%clk 0:12:08]} 48. Qg3 {[%clk 0:11:17]} fxe4
{[%clk 0:11:32]} 49. Bxb3 {[%clk 0:10:05]} Qh5 {[%clk 0:09:01]} 50. Qg6
{[%clk 0:07:14]} Qxg6 {[%clk 0:08:11]} 51. Rxg6 {[%clk 0:07:39]} Rb8
{[%clk 0:08:38]} 52. Bc2 {[%clk 0:07:14]} Rxb2 {[%clk 0:08:48]} 53. Bxe4
{[%clk 0:07:39]} Rxh3 {[%clk 0:09:12]} 54. Bg2 {[%clk 0:07:29]} Rh5
{[%clk 0:08:01]} 55. Re7 {[%clk 0:05:49]} Rb1+ {[%clk 0:08:26]} 56. Kf2
{[%clk 0:05:24]} Rf5+ {[%clk 0:07:27]} 57. Bf3 {[%clk 0:03:42]} Rb2+
{[%clk 0:07:49]} 58. Ke3 {[%clk 0:03:44]} Rf7 {[%clk 0:07:51]} 59. Rxf7
{[%clk 0:02:59]} Kxf7 {[%clk 0:08:19]} 60. Be4 {[%clk 0:03:21]} Rb3
{[%clk 0:08:07]} 61. Kd3 {[%clk 0:02:02]} Ne8 {[%clk 0:08:25]} 62. Re6
{[%clk 0:01:57]} Nf6 {[%clk 0:08:16]} 63. Bf3 {[%clk 0:01:47]} Rb6
{[%clk 0:08:00]} 64. a4 {[%clk 0:01:34]} a5 {[%clk 0:08:19]} 65. Kd4
{[%clk 0:01:52]} Ng8 {[%clk 0:05:45]} 66. Bh5+ {[%clk 0:02:12]} Kf8
{[%clk 0:05:28]} 67. Re8+ {[%clk 0:01:53]} Kg7 {[%clk 0:05:57]} 68. Be2
{[%clk 0:01:22]} Rb2 {[%clk 0:06:07]} 69. Bd3 {[%clk 0:01:22]} Nh6
{[%clk 0:05:00]} 70. Ra8 {[%clk 0:01:12]} Nf7 {[%clk 0:04:41]} 71. Rxa5
{[%clk 0:01:34]} Ne5 {[%clk 0:05:04]} 72. Bb5 {[%clk 0:01:50]} Kf6
{[%clk 0:04:10]} 73. Ra6 {[%clk 0:02:05]} Ke7 {[%clk 0:04:27]} 74. Ra8
{[%clk 0:02:29]} Rd2+ {[%clk 0:03:22]} 75. Ke4 {[%clk 0:02:53]} Nf7
{[%clk 0:03:41]} 76. Re8+ {[%clk 0:02:35]} Kf6 {[%clk 0:04:10]} 77. c4
{[%clk 0:01:08]} Ng5+ {[%clk 0:03:48]} 78. Ke3 {[%clk 0:01:18]} Ra2
{[%clk 0:04:14]} 79. Kd3 {[%clk 0:00:58]} Kf5 {[%clk 0:02:42]} 80. Bd7+
{[%clk 0:01:07]} Kf4 {[%clk 0:02:15]} 81. Rf8+ {[%clk 0:01:11]} Kg3
{[%clk 0:02:44]} 82. Rg8 {[%clk 0:01:30]} Kf4 {[%clk 0:03:09]} 83. Rf8+
{[%clk 0:01:57]} Kg3 {[%clk 0:03:36]} 84. Bb5 {[%clk 0:01:44]} Ra3+
{[%clk 0:03:37]} 85. Kc2 {[%clk 0:02:07]} Ne4 {[%clk 0:04:03]} 86. Kb2
{[%clk 0:02:24]} Re3 {[%clk 0:04:26]} 87. a5 {[%clk 0:01:16]} Re2+
{[%clk 0:04:47]} 88. Ka3 {[%clk 0:01:06]} Nc5 89. a6 {[%clk 0:01:28]} Re1
{[%clk 0:03:55]} 90. Kb4 {[%clk 0:01:34]} Ra1 {[%clk 0:04:00]} 91. Rf6
{[%clk 0:01:06]} Ne4 {[%clk 0:03:49]} 92. Re6 {[%clk 0:00:52]} Kf4
{[%clk 0:03:59]} 93. Rxe4+ {[%clk 0:00:46]} Kxe4 {[%clk 0:04:27]} 94. Ba4
{[%clk 0:01:09]} Rb1+ {[%clk 0:01:35]} 95. Ka5 {[%clk 0:01:32]} Kd4 1-0

[Event "1SM"]
[Site "Sharjah Chess Club"]
[Date "2017.03.28"]
[Round "6.4"]
[White "Idani, Pouya"]
[Black "Kryvoruchko, Yuriy"]
[Result "1/2-1/2"]
[BlackElo "2708"]
[WhiteElo "2576"]
[LiveChessVersion "1.4.8"]

1. e4 {[%clk 1:40:26]} e5 {[%clk 1:40:19]} 2. Nf3 {[%clk 1:40:51]} Nc6
{[%clk 1:40:45]} 3. d4 {[%clk 1:41:18]} exd4 {[%clk 1:41:06]} 4. Nxd4
{[%clk 1:41:43]} Nf6 {[%clk 1:40:38]} 5. Nxc6 {[%clk 1:42:07]} bxc6
{[%clk 1:41:05]} 6. e5 {[%clk 1:42:32]} Qe7 {[%clk 1:41:29]} 7. Qe2
{[%clk 1:42:58]} Nd5 {[%clk 1:41:53]} 8. c4 {[%clk 1:43:25]} Ba6 {[%clk 1:40:04]}
9. Nd2 {[%clk 1:43:41]} g6 {[%clk 1:39:27]} 10. Nf3 {[%clk 1:44:07]} Qb4+
{[%clk 1:38:33]} 11. Kd1 {[%clk 1:44:31]} Rb8 {[%clk 1:38:47]} 12. Qc2
{[%clk 1:44:55]} Ne7 {[%clk 1:38:05]} 13. Qb3 {[%clk 1:45:14]} Bg7
{[%clk 1:20:07]} 14. Qxb4 {[%clk 1:40:29]} Rxb4 {[%clk 1:20:23]} 15. b3
{[%clk 1:40:57]} f6 {[%clk 1:07:46]} 16. Bd2 {[%clk 1:40:49]} Rb8
{[%clk 1:06:23]} 17. exf6 {[%clk 1:41:13]} Bxf6 {[%clk 1:06:47]} 18. Rc1
{[%clk 1:41:41]} c5 {[%clk 1:04:40]} 19. Be2 {[%clk 1:35:34]} O-O
{[%clk 1:02:53]} 20. h4 {[%clk 1:31:13]} Bb7 {[%clk 1:00:18]} 21. h5
{[%clk 1:31:09]} Nf5 {[%clk 0:59:25]} 22. hxg6 {[%clk 1:29:11]} hxg6
{[%clk 0:59:49]} 23. Bd3 {[%clk 1:29:37]} Rfe8 {[%clk 0:52:55]} 24. Rh3
{[%clk 1:26:31]} Be4 {[%clk 0:46:08]} 25. Kc2 {[%clk 1:23:14]} Rb6
{[%clk 0:41:08]} 26. Bxe4 {[%clk 1:18:40]} Rxe4 {[%clk 0:39:40]} 27. Re1
{[%clk 1:19:05]} Rxe1 {[%clk 0:38:28]} 28. Bxe1 {[%clk 1:19:29]} Ra6
{[%clk 0:38:21]} 29. a4 {[%clk 1:18:48]} Re6 {[%clk 0:38:41]} 30. Kd1
{[%clk 1:19:04]} c6 {[%clk 0:31:22]} 31. g4 {[%clk 1:17:49]} Nd4 {[%clk 0:29:04]}
32. Nxd4 {[%clk 1:18:06]} Bxd4 {[%clk 0:27:11]} 33. Rd3 {[%clk 1:14:05]} Kf7
{[%clk 0:20:22]} 34. b4 {[%clk 1:13:30]} Ke7 {[%clk 0:20:18]} 35. f3
{[%clk 1:13:48]} Kd8 {[%clk 0:18:37]} 36. Bd2 {[%clk 1:09:47]} 1/2-1/2

[Event "1SM"]
[Site "Sharjah Chess Club"]
[Date "2017.03.28"]
[Round "6.5"]
[White "Pichot, Alan"]
[Black "Naiditsch, Arkadij"]
[Result "1/2-1/2"]
[BlackElo "2702"]
[WhiteElo "2556"]
[LiveChessVersion "1.4.8"]

1. e4 {[%clk 1:40:22]} e5 {[%clk 1:40:23]} 2. Nf3 {[%clk 1:40:28]} Nc6
{[%clk 1:40:46]} 3. Bb5 {[%clk 1:40:30]} Nf6 {[%clk 1:41:07]} 4. d3
{[%clk 1:40:20]} d6 {[%clk 1:41:28]} 5. O-O {[%clk 1:39:56]} Be7 {[%clk 1:41:50]}
6. c3 {[%clk 1:39:41]} O-O {[%clk 1:42:10]} 7. Re1 {[%clk 1:39:25]} a6
{[%clk 1:41:58]} 8. Ba4 {[%clk 1:39:35]} Re8 {[%clk 1:42:20]} 9. Nbd2
{[%clk 1:38:50]} Bf8 {[%clk 1:42:35]} 10. h3 {[%clk 1:38:03]} d5 {[%clk 1:39:59]}
11. Bb3 {[%clk 1:30:27]} Na5 {[%clk 1:25:23]} 12. exd5 {[%clk 1:24:24]} Nxb3
{[%clk 1:23:53]} 13. Qxb3 {[%clk 1:24:18]} Qxd5 {[%clk 1:22:14]} 14. Qxd5
{[%clk 1:21:42]} Nxd5 {[%clk 1:22:35]} 15. Nxe5 {[%clk 1:09:46]} f6
{[%clk 1:12:01]} 16. Nef3 {[%clk 1:10:05]} Bf5 {[%clk 1:12:20]} 17. Ne4
{[%clk 1:03:25]} Rad8 {[%clk 1:09:14]} 18. Bd2 {[%clk 0:57:59]} c5
{[%clk 0:57:01]} 19. Rad1 {[%clk 0:52:20]} h6 {[%clk 0:43:06]} 20. c4
{[%clk 0:44:55]} Nb4 {[%clk 0:37:15]} 21. Bxb4 {[%clk 0:44:24]} cxb4
{[%clk 0:37:42]} 22. Ng3 {[%clk 0:43:40]} Rxe1+ {[%clk 0:37:19]} 23. Nxe1
{[%clk 0:43:54]} Be6 {[%clk 0:34:49]} 24. b3 {[%clk 0:41:56]} b5 {[%clk 0:35:11]}
25. cxb5 {[%clk 0:40:20]} axb5 {[%clk 0:33:03]} 26. d4 {[%clk 0:35:52]} Kf7
{[%clk 0:29:38]} 27. Nf1 {[%clk 0:31:31]} g5 {[%clk 0:30:00]} 28. Ne3
{[%clk 0:28:39]} Ra8 {[%clk 0:29:37]} 29. Rd2 {[%clk 0:27:45]} f5
{[%clk 0:29:52]} 30. Nd3 {[%clk 0:22:32]} Kf6 {[%clk 0:18:56]} 31. Nc5
{[%clk 0:20:07]} Bxc5 {[%clk 0:11:30]} 32. dxc5 {[%clk 0:20:32]} Ke5
{[%clk 0:11:54]} 33. Re2 {[%clk 0:18:02]} Kd4 {[%clk 0:11:52]} 34. Nc2+
{[%clk 0:12:39]} Kc3 {[%clk 0:11:59]} 35. Ne1 {[%clk 0:12:46]} Bd5
{[%clk 0:03:43]} 36. c6 {[%clk 0:11:19]} Be4 {[%clk 0:03:44]} 37. g4
{[%clk 0:07:29]} Rc8 {[%clk 0:03:32]} 38. gxf5 {[%clk 0:06:11]} Bxf5
{[%clk 0:03:59]} 39. Re5 {[%clk 0:05:02]} Bb1 {[%clk 0:04:01]} 40. Rc5+
{[%clk 0:03:57]} Kb2 {[%clk 0:04:22]} 41. Rxb5 {[%clk 0:02:04]} Rxc6
{[%clk 0:04:46]} 42. Ng2 {[%clk 0:01:51]} Kc3 {[%clk 0:04:51]} 43. Ne3
{[%clk 0:00:35]} Bxa2 {[%clk 0:03:18]} 44. Nd5+ {[%clk 0:00:56]} Kxb3
{[%clk 0:03:23]} 45. Nxb4 {[%clk 0:01:14]} Ka4 {[%clk 0:01:27]} 1/2-1/2

[Event "1SM"]
[Site "Sharjah Chess Club"]
[Date "2017.03.28"]
[Round "6.6"]
[White "Akopian, Vladimir"]
[Black "Maghsoodloo, Parham"]
[Result "1/2-1/2"]
[BlackElo "2576"]
[WhiteElo "2675"]
[LiveChessVersion "1.4.8"]

1. e4 {[%clk 1:40:18]} Nf6 {[%clk 1:40:24]} 2. e5 {[%clk 1:40:11]} Nd5
{[%clk 1:40:48]} 3. d4 {[%clk 1:40:33]} d6 {[%clk 1:41:13]} 4. c4
{[%clk 1:38:41]} Nb6 {[%clk 1:41:26]} 5. exd6 {[%clk 1:39:07]} exd6
{[%clk 1:41:51]} 6. Nc3 {[%clk 1:38:32]} Nc6 {[%clk 1:42:16]} 7. d5
{[%clk 1:27:39]} Qe7+ {[%clk 1:42:30]} 8. Be2 {[%clk 1:26:45]} Ne5
{[%clk 1:42:49]} 9. Be3 {[%clk 1:23:21]} Bd7 {[%clk 1:33:10]} 10. b3
{[%clk 1:21:04]} g6 {[%clk 1:31:52]} 11. Nf3 {[%clk 1:16:39]} Bg7
{[%clk 1:19:18]} 12. Nxe5 {[%clk 1:11:33]} Bxe5 {[%clk 1:18:18]} 13. Qd2
{[%clk 1:08:29]} O-O {[%clk 1:16:33]} 14. O-O {[%clk 1:08:41]} Rfe8
{[%clk 1:15:22]} 15. Bd3 {[%clk 1:02:29]} Qh4 {[%clk 0:56:13]} 16. g3
{[%clk 1:00:57]} Qh5 {[%clk 0:56:30]} 17. Rfe1 {[%clk 1:00:32]} Re7
{[%clk 0:55:02]} 18. Rac1 {[%clk 0:52:50]} Rae8 {[%clk 0:49:05]} 19. Ne4
{[%clk 0:49:36]} Qf3 {[%clk 0:45:22]} 20. Ng5 {[%clk 0:45:45]} Qf6
{[%clk 0:45:12]} 21. Bf1 {[%clk 0:32:14]} Bf5 {[%clk 0:40:58]} 22. Nf3
{[%clk 0:31:04]} Bb2 {[%clk 0:40:58]} 23. Bg5 {[%clk 0:30:57]} Bxc1
{[%clk 0:41:11]} 24. Rxc1 {[%clk 0:30:29]} Qg7 {[%clk 0:41:33]} 25. Bxe7
{[%clk 0:30:51]} Rxe7 {[%clk 0:41:57]} 26. Nd4 {[%clk 0:26:50]} Qf6
{[%clk 0:38:10]} 27. Qc3 {[%clk 0:22:56]} Re8 {[%clk 0:37:56]} 28. Nb5
{[%clk 0:21:06]} Qxc3 {[%clk 0:38:18]} 29. Nxc3 {[%clk 0:20:10]} Nd7
{[%clk 0:38:40]} 30. Nb5 {[%clk 0:19:17]} a6 {[%clk 0:36:56]} 31. Nd4
{[%clk 0:19:42]} Kg7 {[%clk 0:36:12]} 32. f3 {[%clk 0:18:04]} h5 {[%clk 0:31:31]}
33. Kf2 {[%clk 0:16:09]} Kf6 {[%clk 0:30:41]} 34. Nxf5 {[%clk 0:14:36]} gxf5
{[%clk 0:31:07]} 35. Rc3 {[%clk 0:14:34]} a5 {[%clk 0:30:56]} 36. Re3
{[%clk 0:14:20]} Ne5 {[%clk 0:30:24]} 37. Be2 {[%clk 0:13:50]} Rh8
{[%clk 0:30:35]} 38. h4 {[%clk 0:12:53]} f4 {[%clk 0:30:17]} 39. gxf4
{[%clk 0:12:34]} Ng6 {[%clk 0:30:45]} 40. Kg3 {[%clk 0:12:46]} Rg8
{[%clk 0:29:09]} 41. Bd3 {[%clk 0:12:01]} Ne7+ {[%clk 0:27:40]} 42. Kf2
{[%clk 0:12:26]} b6 {[%clk 0:27:53]} 43. Re1 {[%clk 0:11:50]} Rg7
{[%clk 0:26:34]} 44. a3 {[%clk 0:10:17]} Rg8 {[%clk 0:26:57]} 45. Re3
{[%clk 0:08:53]} Rb8 {[%clk 0:26:38]} 46. Re1 {[%clk 0:09:03]} Rg8
{[%clk 0:27:02]} 47. Rc1 {[%clk 0:08:42]} Rg7 {[%clk 0:26:22]} 48. b4
{[%clk 0:08:37]} axb4 {[%clk 0:26:40]} 49. axb4 {[%clk 0:09:03]} Rg8
{[%clk 0:27:04]} 50. Be4 {[%clk 0:05:48]} Ra8 {[%clk 0:25:31]} 51. c5
{[%clk 0:06:12]} bxc5 {[%clk 0:24:20]} 52. bxc5 {[%clk 0:06:38]} Ra5
{[%clk 0:23:30]} 53. cxd6 {[%clk 0:06:56]} cxd6 {[%clk 0:23:58]} 54. Rd1
{[%clk 0:03:21]} Nf5 {[%clk 0:23:12]} 55. Bxf5 {[%clk 0:03:17]} Kxf5
{[%clk 0:23:38]} 56. Rd4 {[%clk 0:03:39]} Ke5 1/2-1/2